Search the Library Catalogue
| 000 -LEADER | |
|---|---|
| fixed length control field | 00437nam a2200169 a 4500 |
| 001 - CONTROL NUMBER | |
| control field | 1770111162735 |
| 003 - CONTROL NUMBER IDENTIFIER | |
| control field | YourLibrary |
| 005 - DATE AND TIME OF LATEST TRANSACTION | |
| control field | 20260203155518.0 |
| 008 - FIXED-LENGTH DATA ELEMENTS--GENERAL INFORMATION | |
| fixed length control field | 260203s2009##################000#0#eng## |
| 020 ## - INTERNATIONAL STANDARD BOOK NUMBER | |
| International Standard Book Number | 9788190773492 |
| 082 04 - DEWEY DECIMAL CLASSIFICATION NUMBER | |
| Classification number | 302 |
| Item number | HOF |
| 040 ## - CATALOGING SOURCE | |
| Original cataloging agency | YourLibrary |
| Language of cataloging | eng |
| Transcribing agency | YourLibrary |
| 100 1# - MAIN ENTRY--PERSONAL NAME | |
| Personal name | Hofstetter, David, |
| Relator term | author. |
| 245 10 - TITLE STATEMENT | |
| Title | Truths of Human Nature : |
| 260 ## - PUBLICATION, DISTRIBUTION, ETC. | |
| Name of publisher, distributor, etc. | Epitome Books, |
| Date of publication, distribution, etc. | 2009. |
| 942 ## - ADDED ENTRY ELEMENTS (KOHA) | |
| Koha item type | English Books |
| Withdrawn status | Lost status | Damaged status | Not for loan | Home library | Current library | Shelving location | Date acquired | Total Checkouts | Full call number | Barcode | Date last seen | Price effective from | Koha item type |
|---|---|---|---|---|---|---|---|---|---|---|---|---|---|
| Anna Centenary Library | Anna Centenary Library | 3RD FLOOR, B WING | 03.02.2026 | 302 HOF | 224253 | 03.02.2026 | 03.02.2026 | English Books |